Πολυμεσικός οδηγός ιεράς Μεγίστης Μονής Βατοπαιδίου : μεταπτυχιακή διατριβή
Αποθηκεύτηκε σε:
| Κύριος συγγραφέας: | |
|---|---|
| Συγγραφή απο Οργανισμό/Αρχή: | |
| Άλλοι συγγραφείς: | |
| Μορφή: | Thesis Βιβλίο |
| Γλώσσα: | Greek |
| Δημοσίευση: |
Μυτιλήνη :
Πανεπιστήμιο Αιγαίου, Σχολή Κοινωνικών Επιστημών, Τμήμα Πολιτισμικής Τεχνολογίας και Επικοινωνίας,
2006
|
| Θέματα: | |
| Διαθέσιμο Online: | http://hdl.handle.net/11610/16012 |
| Ετικέτες: |
Προσθήκη ετικέτας
Δεν υπάρχουν, Καταχωρήστε ετικέτα πρώτοι!
|
MARC
| LEADER | 00000cam a2200000 i 4500 | ||
|---|---|---|---|
| 001 | 1/34646 | ||
| 008 | 060921s2006 gre d | ||
| 035 | |l 10085290 | ||
| 040 | |a GR-MY-UA |b gre |e aacr | ||
| 041 | 0 | |a gre | |
| 082 | 0 | |a 206.570285 |2 (22) | |
| 100 | 1 | |a Ταλλής, Γιάννης. | |
| 245 | 1 | 0 | |a Πολυμεσικός οδηγός ιεράς Μεγίστης Μονής Βατοπαιδίου : |b μεταπτυχιακή διατριβή / |c Τάλλης Ιωάννης ; υπεύθυνος καθηγητής Παπαγεωργίου Δημήτρης |
| 260 | |a Μυτιλήνη : |b Πανεπιστήμιο Αιγαίου, Σχολή Κοινωνικών Επιστημών, Τμήμα Πολιτισμικής Τεχνολογίας και Επικοινωνίας, |c 2006 | ||
| 300 | |a 91 σ.; |c 30 εκ. | ||
| 502 | |a Διατριβή (μεταπτυχιακή) – Πανεπιστήμιο Αιγαίου, Λέσβος, 2006. | ||
| 504 | |a Βιβλιογραφία: σ. 90-91 | ||
| 650 | 0 | 0 | |a Monasteries |z Greece |z Athos. |
| 650 | 0 | 0 | |a Interactive multimedia. |
| 650 | 0 | 0 | |a Monasteries |x Interactive multimedia. |
| 650 | 0 | 0 | |a Dissertations, Academic |z Greece. |
| 700 | 1 | |a Παπαγεωργίου, Δημήτρης. |4 ths | |
| 710 | 2 | |a Πανεπιστήμιο Αιγαίου. |b Σχολή Κοινωνικών Επιστημών. |b Τμήμα Πολιτισμικής Τεχνολογίας και Επικοινωνίας. |b Πρόγραμμα Μεταπτυχιακών Σπουδών Πολιτισμική Πληροφορική και Επικοινωνία. | |
| 852 | |a INST |b LESVOS |c DIATR |e 20060921 |h 67 |p 005100035191 |q 005100035191 |t MTXE |y 23 | ||
| 852 | |a INST |b LESVOS |c DIATR |e 20060921 |h 68 |p 005100035190 |q 005100035190 |t MTXE |y 23 | ||
| 856 | |u http://hdl.handle.net/11610/16012 | ||
| 901 | |a BIBL1-2006-2 | ||
| 909 | |a Λ |b 129206 | ||
| 909 | |a Λ |b 129205 | ||
| 924 | |a ΤΑΛΛΗΣ |b ΔΗΜΗΤΡΗΣ |y ΛΕΣΒΟΣ |z 2006-08 | ||
| 970 | |a ΜΑΡΙΝΑΤΟΥ |b ΜΥΡΣΙΝΗ |z 2006/09/21 | ||